000 00680nam a2200241Ia 4500
003 OSt
005 20260228102020.0
008 210210b1963 xxu||||| |||| 00| 0 eng d
040 _cAL
041 _aHindi
082 _a861/73
100 _aGUPTA (Maithilisharan) and others
_d गुप्त (मैथिलीशरण).
_9257145
245 _aUncha hai bharath ka bhal
_bऊँचा है भारत का भाल
260 _aDilli
_b-
_c1963
650 _aUncha
_9257146
650 _aka
_9257147
650 _ahai
_9257148
650 _abharath
_9257149
650 _abhal
_9257150
690 _aHindi Poetry
_9257151
906 _a023094
942 _2ddc
_cBK
999 _c147986
_d147986